000 00445nab a2200145Ia 4500
003 ES-SlBCS
005 20210601151029.0
008 140529s2013 xxu||||| |||| 00| 0 spa d
041 _aspa
100 1 _aSutherland, Stephani
_9329223
245 0 0 _aNanotecnología contra el alzhéimer
_c Stephani Sutherland
650 0 4 _aNeurología
_991522
773 0 _tMente y Cerebro (Investigación Ciencia)
_gnº. 62, 2013, págs. 7
_wRev1286
942 _cAR
999 _c750677
_d750677